000 00698nab a2200181 4500
999 _c372265
_d372265
001 90031
003 OSt
005 20230303122158.0
007 tu
008 110905s2000|||||||
040 _aDE-2950
_cDE-2950
245 0 0 _aWohnen bedeutet für die Menschen Lebensmittelpunkt, Zuhause & Heimat. Wir gestalten mit und machen unsere Stadt Lebenswert!
_bJahresrückblick und Perspektiven für 2023 /
_cJan Eckardt, Geschäftsführer der Wohnungswirtschaft Frankfurt (Oder) GmbH
264 _c2023
653 _aFrankfurt (Oder)
653 _aWohnungswirtschaft
773 0 _g34. Jahrgang (2023) Nr. 48, 25./26.02.2023, Sonderveröffentlichung, S. I-IV: Fotos
_tMärkische Oderzeitung
942 _2z
_cA